[Event "18th IND-chT Women 2020"]
[Site "Ahmedabad"]
[Date "2020.02.13"]
[Round "7.8"]
[White "Mahalakshmi, M."]
[Black "Natura Bethi"]
[Result "1-0"]
[WhiteElo "2255"]
[BlackElo "1364"]
[Annotator "TA"]
[PlyCount "73"]
[EventDate "2020.02.05"]
[EventCountry "IND"]
[SourceTitle "playchess.com"]
[Source "ChessBase"]
[SourceQuality "1"]

{[%evp 12,73,4,-13,0,0,25,20,26,18,36,40,38,30,77,64,92,87,88,81,89,66,104,104,88,78,81,82,52,66,94,90,89,86,83,64,92,104,141,135,190,144,139,77,79,75,77,77,72,77,310,297,290,292,274,252,432,401,422,418,727,730,498,354]} 1. d4 Nf6 2. c4 e6 3. Nc3 Bb4 4. e3 d5 5. Nge2 O-O 6. a3 Be7 7. Ng3 a5 {E46: Nimzo-Indian: Rubinstein: 4 e3 0-0 5 Ne2 without early Bd3.} 8. Bd3 {[#]} b6 $146 ({Predecessor:} 8... Re8 9. O-O c5 10. dxc5 dxc4 11. Bxc4 Bxc5 12. Qe2 Nc6 13. b3 Ne5 14. Bb5 Bd7 15. Bb2 Bxb5 16. Nxb5 {1-0 (90) Swayams,M (2377)-Priyadharshan,K (2357) Puri 2010}) 9. O-O Bb7 {The position is equal.} 10. Qe2 Re8 11. Rd1 Nbd7 12. e4 dxc4 13. Bxc4 c6 14. e5 Nd5 15. Nxd5 cxd5 16. Bb5 Qc8 17. Nh5 {Strongly threatening Bh6!} g6 18. Bxd7 Qxd7 19. Nf6+ Bxf6 20. exf6 e5 21. dxe5 Qf5 22. Re1 d4 23. Bh6 Re6 24. Rad1 Rd8 25. h3 Bc6 (25... d3 $16 26. Qe3 Rc6) 26. Qc4 d3 27. Re3 (27. Bd2 $142) 27... Qh5 $16 {[%mdl 64] Double Attack} 28. Rexd3 Rxd3 29. Rxd3 {Threatening mate with Qxe6!} Qxh6 {[#]} 30. Rd6 $1 $36 {[%mdl 2048] Black is under strong pressure.} Be8 $2 (30... Rxd6 $16 31. exd6 Bd7) 31. Rxe6 $18 fxe6 32. Qxe6+ {[%mdl 64] Double Attack} Bf7 33. Qc6 (33. Qxb6 Qc1+ 34. Kh2 Qf4+ 35. Kh1 Qxe5 $15) 33... g5 $2 (33... Qf8 {was worth a try.} 34. e6 (34. Qxb6 Qc8 $16) 34... Be8) 34. e6 Qxf6 35. exf7+ Kxf7 {[#]} (35... Qxf7 $142 36. Qxb6 Qf4) 36. Qxf6+ $1 Kxf6 37. Kf1 {Accuracy: White = 87%, Black = 46%.} 1-0

[Event "18th IND-chT Women 2020"]
[Site "Ahmedabad"]
[Date "2020.02.13"]
[Round "7.8"]
[White "Mahalakshmi, M."]
[Black "Natura Bethi"]
[Result "*"]
[WhiteElo "2255"]
[BlackElo "1364"]
[Annotator "TA"]
[PlyCount "34"]
[EventDate "2020.02.05"]
[EventCountry "IND"]
[SourceTitle "playchess.com"]
[Source "ChessBase"]
[SourceQuality "1"]

{[%evp 5,5,16]} 1. e4 c5 2. Nf3 Nc6 3. d4 {[#]} {Predecessor:} cxd4 $146 4. Nxd4 g6 5. Nc3 Bg7 6. Be3 {B35: Sicilian: Accelerated Dragon with 5 Nc3: main line.} Nf6 7. Bc4 Qa5 8. O-O O-O 9. Bb3 d6 10. Nd5 Re8 11. Nxf6+ Bxf6 12. c3 Bd7 13. f4 Nxd4 14. Bxd4 Bxd4+ 15. Qxd4 Qc5 16. Qxc5 dxc5 17. Kf2 e5 {0-1 (68) Yu,Y (2726)-Duda,J (2758) Wijk aan Zee 2020} *

[Event "18th IND-chT Women 2020"]
[Site "Ahmedabad"]
[Date "2020.02.13"]
[Round "7.9"]
[White "Kulkarni Bhakti"]
[Black "Kiran, Manisha Mohanty"]
[Result "*"]
[WhiteElo "2404"]
[BlackElo "2170"]
[Annotator "TA"]
[PlyCount "42"]
[EventDate "2020.02.05"]
[EventCountry "IND"]
[SourceTitle "playchess.com"]
[Source "ChessBase"]
[SourceQuality "1"]

{[%evp 19,42,0,6,5,20,-6,47,45,54,43,39,46,53,64,78,38,84,76,79,64,66,18,183,-23,45]} 1. d4 Nf6 2. c4 g6 3. g3 Bg7 4. Bg2 d5 5. cxd5 Nxd5 6. Nf3 O-O 7. O-O Nb6 8. Nc3 Nc6 9. e3 Re8 10. h3 e5 11. d5 {D76: Fianchetto Grünfeld: Main Line with 7...Nb6.} Na5 12. Qc2 Nac4 ({Wrong is} 12... Nxd5 $2 13. Rd1 $18) ({Black should play} 12... c6 $11) 13. e4 $14 {White is slightly better.} Bd7 14. b3 Nd6 15. a4 a5 {[#]} 16. Be3 $146 ({Predecessor:} 16. Rd1 f5 17. Ng5 Qf6 18. Ne6 Bxe6 19. dxe6 Qxe6 20. exf5 Nxf5 21. Nb5 Nd4 22. Qxc7 Nxb5 23. axb5 {1-0 (36) Tomashevsky,E (2706)-Artemiev,V (2757) Izhevsk 2019}) 16... Rc8 17. Qd3 h6 18. Rac1 f5 19. Nd2 Qf6 20. f4 c5 $2 {[#]} (20... Qe7 $11 {and Black stays safe.}) 21. Kh2 $2 ({Only move:} 21. dxc6 $1 $18 Rxc6 22. Bxb6 Rxb6 23. Nc4 Nxc4 24. Qxd7 (24. Qxc4+ Be6 $11)) 21... h5 {Accuracy: White = 66%, Black = 58%.} ({Black should try} 21... c4 $11 22. fxe5 cxd3 23. exf6 Bxf6) *

[Event "18th IND-chT Women 2020"]
[Site "Ahmedabad"]
[Date "2020.02.13"]
[Round "7.9"]
[White "Kulkarni Bhakti"]
[Black "Kiran, Manisha Mohanty"]
[Result "1-0"]
[WhiteElo "2404"]
[BlackElo "2170"]
[Annotator "TA"]
[PlyCount "85"]
[EventDate "2020.02.05"]
[EventCountry "IND"]
[SourceTitle "playchess.com"]
[Source "ChessBase"]
[SourceQuality "1"]

{[%evp 19,85,5,0,7,4,-4,54,52,62,42,56,47,61,52,83,50,78,70,62,67,60,45,49,39,37,32,96,102,92,100,165,141,267,262,312,282,305,318,494,258,307,281,271,141,352,353,477,474,454,247,236,229,223,167,471,463,1722,1554,2675,99,29979,29979,29978,5631,29996,29997,29997,29998]} 1. d4 Nf6 2. c4 g6 3. g3 Bg7 4. Bg2 d5 5. cxd5 Nxd5 6. Nf3 O-O 7. O-O Nb6 8. Nc3 Nc6 9. e3 Re8 10. h3 e5 11. d5 {D76: Fianchetto Grünfeld: Main Line with 7...Nb6.} Na5 12. Qc2 Nac4 ({But not} 12... Nxd5 $2 13. Rd1 $18) (12... c6 $11) 13. e4 $14 {White is slightly better.} Bd7 14. b3 Nd6 15. a4 a5 {[#]} 16. Be3 $146 ({Predecessor:} 16. Rd1 f5 17. Ng5 Qf6 18. Ne6 Bxe6 19. dxe6 Qxe6 20. exf5 Nxf5 21. Nb5 Nd4 22. Qxc7 Nxb5 23. axb5 {1-0 (36) Tomashevsky,E (2706)-Artemiev,V (2757) Izhevsk 2019}) 16... Rc8 17. Qd3 h6 18. Rac1 f5 19. Nd2 Qf6 20. Kh2 f4 21. Bc5 h5 22. Nb5 Bxb5 (22... Nxb5 $14 23. axb5 Bf8) 23. axb5 $16 Bh6 24. h4 Nd7 (24... Ra8 $16) 25. Bh3 $18 Qe7 (25... Nxc5 $16 26. Rxc5 Qg7) 26. Ba3 Rf8 27. Rc2 fxg3+ 28. fxg3 Bxd2 (28... Rxf1 $142 29. Nxf1 Qd8) 29. Rxd2 (29. Rxf8+ $142 Nxf8 30. Bxd6 (30. Rxd2 Rd8 $18) 30... Qxd6 31. Bxc8) 29... Rxf1 30. Qxf1 {Black must now prevent Rc2.} Rf8 31. Be6+ ({White should play} 31. Qc1 $18 Nf6 32. Rc2) 31... Kg7 $2 (31... Kh7 $16 {might work better.} 32. Qa1 Nf6) 32. Qa1 Kh7 {[#]} 33. b6 $1 {[%mdl 512]} Nf6 (33... cxb6 34. Bxd7) 34. bxc7 (34. Kg2 $142 c5 35. Qxe5 Ndxe4 36. Re2) 34... Qxc7 35. Qxe5 Nfxe4 36. Re2 Qb6 $2 (36... b6 37. Kg2 (37. Rxe4 Qc2+ {[%mdl 64] Double Attack} 38. Re2 Rf2+ 39. Rxf2 Qxf2+ 40. Kh3 Qf1+ 41. Kh2 Qf2+ 42. Kh3 Qf1+ 43. Kh2 Qf2+ $11) 37... Nc5) 37. Bb2 {[%csl Gb2][%cal Re5g7]} Rf2+ (37... Nf6 $142 38. Rc2 Qd8) 38. Kh3 {[%csl Gb2][%cal Re5h8]} Rf6 39. Rc2 $2 (39. Rxe4 $18 {and the rest is easy.} Qf2 40. Re1) 39... Qg1 $2 {[%mdl 8192]} (39... Kh6 $16) 40. Rc7+ Kh6 41. Bc1+ g5 42. Bxg5+ Kg6 {[#]} 43. Bf5+ $1 {[%mdl 512] Accuracy: White = 69%, Black = 32%.} 1-0

[Event "18th IND-chT Women 2020"]
[Site "Ahmedabad"]
[Date "2020.02.13"]
[Round "7.10"]
[White "Swati, Ghate"]
[Black "Tania, Sachdev"]
[Result "0-1"]
[WhiteElo "2136"]
[BlackElo "2397"]
[Annotator "TA"]
[PlyCount "33"]
[EventDate "2020.02.05"]
[EventCountry "IND"]
[SourceTitle "playchess.com"]
[Source "ChessBase"]
[SourceQuality "1"]

{[%evp 13,20,30,34,10,22,11,20,20,23]} 1. e4 e5 2. Nf3 Nc6 3. Bb5 a6 4. Ba4 Nf6 5. O-O b5 6. Bb3 Bb7 7. Re1 Bc5 8. d3 {C78: Ruy Lopez: Archangelsk and Möller Defences.} O-O {The position is equal.} 9. Nc3 d6 10. a3 h6 {[%mdl 32768] [#] Loss on time!?} {Predecessor:} 11. Nd5 $146 Nxd5 12. Bxd5 Rb8 13. Be3 Bxe3 14. Rxe3 Ne7 15. Bxb7 Rxb7 16. d4 f6 17. b4 {0-1 (53) Gullaksen,E (2356)-Getz,N (2396) Norway 2019} 0-1

[Event "18th IND-chT Women 2020"]
[Site "Ahmedabad"]
[Date "2020.02.13"]
[Round "7.11"]
[White "Vijayalakshmi, Subbaraman"]
[Black "Anagha Yardi"]
[Result "1-0"]
[WhiteElo "2331"]
[BlackElo "1154"]
[Annotator "TA"]
[PlyCount "47"]
[EventDate "2020.02.05"]
[EventCountry "IND"]
[SourceTitle "playchess.com"]
[Source "ChessBase"]
[SourceQuality "1"]

{[%evp 9,47,40,54,41,50,30,78,74,83,82,93,85,104,72,86,58,60,57,54,34,31,15,43,43,109,114,169,155,177,103,189,161,171,168,206,152,497,497,500,498]} 1. d4 Nf6 2. c4 e6 3. Nc3 c5 4. d5 d6 5. g3 Be7 6. Bg2 {A60: Modern Benoni: Early Divergences.} O-O 7. e4 e5 8. Nge2 {White is better.} h6 9. O-O {[#]} Bg4 $146 ({Predecessor:} 9... Nh7 10. f4 f6 11. f5 Na6 12. a3 Bd7 13. Qd3 Qb8 14. Rb1 Rc8 15. b3 Qc7 {1-0 (73) Lenz,J (2055)-Kulenovic,A (1911) Bad Homburg 2017}) 10. h3 Bh5 11. Qd3 Bg6 12. f4 exf4 $1 13. gxf4 Nbd7 14. Be3 a6 15. Qd2 Qc7 16. Rad1 Rad8 {[#]} (16... Ne8 $14) 17. e5 $1 $36 {[%cal Re5f6][%mdl 2560] White has strong initiative.} Ne8 (17... Nh5 $16) (17... dxe5 18. d6) 18. f5 $18 Bh5 19. e6 (19. f6 $18 Nxe5 20. fxe7 Qxe7 21. b3) 19... Ndf6 (19... Ne5 $16) 20. Rde1 Bxe2 21. Qxe2 Nh7 22. Kh1 Bg5 $2 (22... Bh4 $16 {is tougher.}) 23. Bxg5 Nxg5 24. e7 {[%mdl 64] Double Attack. Accuracy: White = 71%, Black = 48%.} 1-0

[Event "18th IND-chT Women 2020"]
[Site "Ahmedabad"]
[Date "2020.02.13"]
[Round "7.12"]
[White "Bindu, Saritha K."]
[Black "Meenakshi Subbaraman"]
[Result "*"]
[WhiteElo "1583"]
[BlackElo "2162"]
[Annotator "TA"]
[PlyCount "44"]
[EventDate "2020.02.05"]
[EventCountry "IND"]
[SourceTitle "playchess.com"]
[Source "ChessBase"]
[SourceQuality "1"]

{[%evp 9,44,-20,-4,-16,0,-9,-12,-6,-10,-27,0,-10,0,-15,-9,-10,-7,-8,-8,-15,0,0,12,16,16,20,12,0,0,0,12,0,50,27,149,35,164]} 1. d4 d6 2. Nf3 g6 3. Bf4 Bg7 4. e3 Nd7 5. Nbd2 e5 6. dxe5 {A41: 1 d4 d6: Tartakower System and Modern Defence.} Nxe5 7. Nxe5 (7. Be2 {keeps more tension.} Qe7 8. c3 Nf6 9. Bg5 h6 10. Bh4) 7... dxe5 8. Bg3 {[#] The position is equal.} Ne7 $146 ({Predecessor:} 8... Nh6 9. h3 Nf5 10. Bh2 O-O 11. Be2 Qe7 12. c3 Be6 13. O-O Rfd8 14. Qc2 Nd6 {0-1 (78) Benesch,H (2055)-Hocevar,N (2185) Zalakaros 1996}) 9. e4 Be6 10. Bc4 Qd6 {Threatens to win with ...Bxc4.} 11. Qe2 O-O-O 12. O-O-O Bh6 {[#] ...Bxc4 is the strong threat.} 13. Bxe6+ Qxe6 14. Kb1 Nc6 15. Nb3 {Black must now prevent Nc5.} Nd4 16. Nxd4 exd4 17. Rhe1 Rhe8 18. f3 Bf8 19. Qb5 Rd7 20. Rd3 h6 21. Qa4 Red8 (21... Bc5 $11 {keeps the balance.}) 22. Red1 (22. Qxa7 $16 {[%cal Ra7a8]} Qa6 23. Qxa6 bxa6 24. e5) 22... Bg7 {Accuracy: White = 87%, Black = 63%.} (22... Bc5 $14) *

[Event "18th IND-chT Women 2020"]
[Site "Ahmedabad"]
[Date "2020.02.13"]
[Round "7.12"]
[White "Bindu, Saritha K."]
[Black "Meenakshi Subbaraman"]
[Result "0-1"]
[WhiteElo "1583"]
[BlackElo "2162"]
[Annotator "TA"]
[PlyCount "128"]
[EventDate "2020.02.05"]
[EventCountry "IND"]
[SourceTitle "playchess.com"]
[Source "ChessBase"]
[SourceQuality "1"]

{[%evp 9,128,-14,-7,-10,0,-9,-6,-10,-5,-17,-3,-4,-3,-5,0,-6,-2,-5,-11,-14,0,0,12,16,21,10,10,0,0,0,7,0,0,0,0,0,9,0,0,0,20,7,0,0,0,-7,6,1,104,75,75,75,78,70,70,75,75,61,75,75,108,70,67,5,31,33,63,51,77,24,39,17,32,0,10,0,34,0,48,0,27,0,22,0,0,0,0,0,0,0,0,0,0,-14,0,-45,-45,-52,-47,-47,-42,-30,-30,-46,-30,-65,0,0,0,0,0,-2,0,-37,0,0,0,0,0,0,0]} 1. d4 d6 2. Nf3 g6 3. Bf4 Bg7 4. e3 Nd7 5. Nbd2 e5 6. dxe5 {A41: 1 d4 d6: Tartakower System and Modern Defence.} Nxe5 7. Nxe5 dxe5 8. Bg3 {[#]} Ne7 $146 ({Predecessor:} 8... Nh6 9. h3 Nf5 10. Bh2 O-O 11. Be2 Qe7 12. c3 Be6 13. O-O Rfd8 14. Qc2 Nd6 {0-1 (78) Benesch,H (2055)-Hocevar,N (2185) Zalakaros 1996}) 9. e4 Be6 10. Bc4 Qd6 11. Qe2 $1 O-O-O 12. O-O-O Bh6 13. Bxe6+ Qxe6 14. Kb1 Nc6 15. Nb3 {Strongly threatening Nc5.} Nd4 16. Nxd4 exd4 17. Rhe1 Rhe8 18. f3 Bf8 19. Qb5 Rd7 20. Rd3 a6 21. Qa4 Red8 22. Red1 {[%cal Rd3d4]} Bg7 23. Qa5 Qc4 24. b3 Qb5 25. Qxb5 axb5 26. Bh4 $36 {[%mdl 2048] White has good play.} Re8 27. c3 {[%cal Rc3d4]} c5 {Threatens to win with ...c4.} 28. cxd4 Bxd4 (28... Rxd4 $11 {remains equal.} 29. Bf2 Rxd3 30. Rxd3 c4) 29. Bf6 {[%mdl 64] [#] Pin} Re6 30. Bxd4 Red6 {[%mdl 64] Pin} 31. Rc3 b6 32. Rcd3 cxd4 $16 {[%mdl 4096] Endgame KRR-KRR} 33. Kb2 Kd8 34. R1d2 Ke7 35. f4 b4 36. Rc2 ({White should try} 36. Kc1 $14) 36... b5 37. Rcd2 Ke6 38. g3 Rd8 39. Rd1 (39. a4 $16) 39... h6 $11 40. R1d2 R6d7 41. Rd1 g5 42. R1d2 Rd6 43. Rd1 Ke7 44. R1d2 R6d7 45. Rd1 Kf6 46. Rc1 Re8 47. Re1 gxf4 48. gxf4 Rg8 49. Re2 Rg4 50. Rf2 Ke6 51. a3 Rg1 52. Rfd2 Re1 53. Rxd4 Rxd4 54. Rxd4 $15 {KR-KR} Re2+ {[%mdl 64] [#] Double Attack} 55. Kb1 bxa3 56. Rb4 Rxh2 57. Rxb5 h5 (57... Rb2+ $15 58. Ka1 Kf6) 58. Ka1 $1 $11 Kf6 59. Rb6+ Kg7 {White must now prevent ...h4.} 60. Rb5 $1 f6 61. b4 Kg6 62. e5 {The position is equal.} fxe5 63. Rxe5 h4 {...h3 is the strong threat.} 64. b5 Rb2 {[%mdl 32768] Accuracy: White = 82%, Black = 81%. . Loss on time!?} 0-1